Statystyki dla Piłkarze Realu Madryt w latach 2012-2022

Kliknij tutaj aby rozwiązać quiz!

Ogólne statystyki

  • Ten quiz został rozwiązany 885 razy
  • Średni wynik to 19 z 33

Statystyki odpowiedzi

PozycjaZawodnik% Poprawnych
LSRonaldo
93%
ŚNBenzema
91%
ŚORamos
89%
ŚPMODRIC
88%
BRCasillas
84%
LOMarcelo
84%
PSBale
82%
ŚPDCasemiro
79%
ŚPKroos
79%
POCarvajal
77%
BRNavas
77%
BRCourtois
76%
LSVinicius
71%
ŚOVarane
68%
LOMendy
64%
ŚOPepe
64%
ŚOMilitao
63%
PSRodrygo
62%
ŚOAlaba
60%
ŚONacho
56%
ŚPOIsco
52%
ŚPValverde
50%
NMariano
43%
ŚPOOzil
41%
PSDi Maria
40%
NHiguain
34%
POArbeloa
29%
NMorata
29%
ŚPDXabi Alonso
29%
ŚPOJames Rodriguez
28%
ŚPOKaka
27%
ŚPKhedira
26%
ŚPDIllaramendi
11%

Rozkład punktacji

Percentyl według liczby udzielonych odpowiedzi

Procent ludzi z każdym wynikiem

Twoja historia wyników

Nie rozwiązałeś tego quizu